[Event "Eynatten1 - Amay "]
[Site "?"]
[Date "2010.12.05"]
[Round "5.2"]
[White "Dambacher, Martijn"]
[Black "Burg, Twan"]
[Result "1/2-1/2"]
[WhiteElo "2476"]
[BlackElo "2449"]
[PlyCount "129"]
[EventDate "2010.12.05"]
[SourceDate "2010.12.05"]

1. d4 d5 2. c4 c6 3. Nf3 Nf6 4. e3 g6 5. Be2 Bg7 6. O-O O-O 7. Nc3 dxc4 8. Bxc4
Nbd7 9. a3 b5 10. Bb3 e6 11. e4 c5 12. d5 c4 13. dxe6 fxe6 14. Bc2 Rb8 15. Nd4
Ne5 16. Ndxb5 a6 17. Nd6 Nfg4 18. h3 Qh4 19. Qe2 Bd7 20. Nd1 Rb6 21. f3 Rxd6
22. hxg4 Qg3 23. Be3 Nd3 24. Bxd3 cxd3 25. Qf2 Qxf2+ 26. Rxf2 Rc8 27. Bf4 Rd4
28. Rd2 Ba4 29. Nf2 Bc2 30. Rc1 Rdc4 31. Re1 Bxb2 32. Nxd3 Bxa3 33. Ra1 Ra4 34.
Kh2 Bb3 35. Rb1 Bc2 36. Ra1 Bb3 37. Rb1 Bc2 38. Ra1 Ra5 39. Ne1 Bb3 40. Rd3 Bb4
41. Rxa5 Bxa5 42. Rxb3 Bxe1 43. Rb6 a5 44. Rxe6 Ra8 45. Be5 a4 46. Re7 a3 47.
Rg7+ Kf8 48. Rxh7 Ra5 49. Ba1 Bd2 50. Rd7 Bc1 51. Rd8+ Ke7 52. Rc8 Be3 53. Rc7+
Kd6 54. Rg7 g5 55. e5+ Ke6 56. Rg6+ Kf7 57. Rf6+ Ke7 58. Rc6 Bf4+ 59. g3 Bxe5
60. Bxe5 Rxe5 61. Ra6 Re2+ 62. Kh3 a2 63. f4 Kf7 64. Ra5 Rf2 65. Ra6 1/2-1/2

[Event "Amay - Eynatten1"]
[Site "?"]
[Date "2010.12.05"]
[Round "5.3"]
[White "Kleijn, Christov"]
[Black "Bok, Benjamin"]
[Result "0-1"]
[WhiteElo "2424"]
[BlackElo "2469"]
[PlyCount "101"]
[EventDate "2010.12.05"]
[SourceDate "2010.12.05"]

1. e4 e5 2. Nf3 Nc6 3. Bb5 a6 4. Ba4 Nf6 5. O-O Be7 6. Re1 b5 7. Bb3 d6 8. c3
O-O 9. h3 Na5 10. Bc2 c5 11. d4 Qc7 12. d5 Bd7 13. b3 Nb7 14. Be3 g6 15. Nbd2
Nh5 16. g4 Nf4 17. Bxf4 exf4 18. e5 Rae8 19. Qe2 Bd8 20. Qd3 dxe5 21. d6 Qxd6
22. Qxd6 Nxd6 23. Nxe5 Bc8 24. Rad1 Bc7 25. Nd3 c4 26. Nxf4 Bb7 27. Ng2 Ba5 28.
Rxe8 Rxe8 29. Nxc4 Nxc4 30. bxc4 Bxg2 31. Kxg2 bxc4 32. Kf3 Bxc3 33. Rd6 Rb8
34. Rc6 Rb2 35. Bd1 Be1 36. Be2 c3 37. a4 a5 38. Ke3 Ra2 39. Rc4 c2 40. Kd3
Bxf2 41. Rxc2 Rxa4 42. Bd1 Ra3+ 43. Ke4 Bh4 44. Rc8+ Kg7 45. Ra8 Bf2 46. Ra6
Be1 47. Bf3 Ra2 48. Ke3 Rh2 49. Bd5 Bb4 50. Ke4 Rxh3 51. Ra7 0-1

[Event "Eynatten1 - Amay "]
[Site "?"]
[Date "2010.12.05"]
[Round "5.4"]
[White "Van Kampen, Robin"]
[Black "Richter, Christian"]
[Result "1-0"]
[WhiteElo "2442"]
[BlackElo "2396"]
[PlyCount "99"]
[EventDate "2010.12.05"]
[SourceDate "2010.12.05"]

1. e4 e5 2. Nf3 Nc6 3. Bb5 a6 4. Ba4 Nf6 5. O-O Be7 6. Re1 b5 7. Bb3 d6 8. c3
O-O 9. d4 Bg4 10. Be3 Bd7 11. Nbd2 Ng4 12. Nf1 Nxe3 13. Nxe3 Bf6 14. Nd5 Rb8
15. h3 g6 16. a4 Bg7 17. axb5 axb5 18. Qd2 b4 19. Ba4 bxc3 20. bxc3 exd4 21.
cxd4 Ne7 22. Nxe7+ Qxe7 23. Bxd7 Qxd7 24. Rac1 c6 25. Rc2 Rfe8 26. Qd3 Rb4 27.
Rec1 Qa7 28. Qd2 Ra4 29. Rxc6 Bxd4 30. Rxd6 Bc5 31. Rc6 Ba3 32. R1c4 Rxc4 33.
Rxc4 Bc5 34. g3 Be7 35. Kg2 Rd8 36. Qc3 Qa6 37. Rc7 Qe6 38. Qe3 Re8 39. Qd3 Rd8
40. Qc2 Bd6 41. Rb7 Be7 42. Rc7 Bd6 43. Rc6 Qe8 44. Qc4 Qe7 45. h4 Kg7 46. h5
Be5 47. Rc5 Bb2 48. Rb5 Bd4 49. e5 Qa7 50. Qc6 1-0

[Event "Amay - Eynatten1 "]
[Site "?"]
[Date "2010.12.05"]
[Round "5.5"]
[White "Memeti, Kastriot"]
[Black "Drabke, Lorenz-Maximilian"]
[Result "0-1"]
[WhiteElo "2194"]
[BlackElo "2435"]
[PlyCount "47"]
[EventDate "2010.12.05"]
[SourceDate "2010.12.05"]

1. d4 d5 2. Bf4 Nf6 3. e3 c5 4. c3 Nc6 5. Nd2 e6 6. Ngf3 Bd6 7. Bg3 O-O 8. Bd3
Qe7 9. Ne5 Nd7 10. Nxd7 Bxd7 11. Bxd6 Qxd6 12. dxc5 Qxc5 13. Bxh7+ Kxh7 14.
Qh5+ Kg8 15. Ne4 Qc4 16. Ng5 Rfd8 17. Qxf7+ Kh8 18. Qg6 Qh4 19. Nf7+ Kg8 20.
Nxd8 Rxd8 21. Qc2 Ne5 22. O-O Rf8 23. f3 Bb5 24. Rf2 0-1

[Event "Eynatten1 - Amay "]
[Site "?"]
[Date "2010.12.05"]
[Round "5.6"]
[White "Roeder, Mathias"]
[Black "Noiroux, Kevin"]
[Result "1/2-1/2"]
[WhiteElo "2422"]
[BlackElo "2190"]
[PlyCount "77"]
[EventDate "2010.12.05"]
[SourceDate "2010.12.05"]

1. Nf3 Nf6 2. c4 e6 3. g3 a6 4. e3 b6 5. Bg2 Bb7 6. O-O c5 7. b3 Be7 8. Bb2 O-O
9. Nc3 d6 10. d4 Nbd7 11. d5 exd5 12. Nh4 g6 13. Nxd5 Nxd5 14. Bxd5 Bxd5 15.
Qxd5 Bf6 16. Rab1 Bxb2 17. Rxb2 Nf6 18. Qd3 d5 19. Rd1 dxc4 20. bxc4 Qxd3 21.
Rxd3 b5 22. f3 Rfc8 23. Ng2 bxc4 24. Rc3 Rab8 25. Rd2 Rd8 26. Rxd8+ Rxd8 27.
Rxc4 Rd1+ 28. Kf2 Rd2+ 29. Kf1 Nd7 30. Ra4 Ne5 31. Ne1 c4 32. Rxa6 Rxh2 33. Ra5
f6 34. Ra7 Rb2 35. a4 Ra2 36. a5 Nc6 37. Ra6 Nxa5 38. Rxf6 Nb3 39. Rc6 1/2-1/2

[Event "Eynatten1 - Amay "]
[Site "?"]
[Date "2010.12.05"]
[Round "5.8"]
[White "Kern, Guido"]
[Black "Machiroux, Bruno"]
[Result "0-1"]
[WhiteElo "2389"]
[BlackElo "1648"]
[PlyCount "74"]
[EventDate "2010.??.??"]
[SourceDate "2010.12.05"]

1. Nf3 Nf6 2. g3 b5 3. Bg2 Bb7 4. O-O c5 5. d3 d6 6. c4 b4 7. e4 g6 8. a3 a5 9.
axb4 axb4 10. Rxa8 Bxa8 11. e5 dxe5 12. Nxe5 Bxg2 13. Kxg2 Nbd7 14. Qa4 Bg7 15.
Nc6 Qc8 16. Re1 e6 17. Nd2 Qb7 18. Ne4 Nxe4 19. dxe4 O-O 20. Rd1 Nb8 21. Nxb8
Qxe4+ 22. Kg1 Rxb8 23. Qa7 Ra8 24. Qxc5 Qc2 25. Qd6 Ra1 26. Qb8+ Bf8 27. Qxf8+
Kxf8 28. Bh6+ Ke7 29. Rxa1 Qxb2 30. Ra7+ Kf6 31. Kg2 Qd4 32. Rc7 b3 33. Bc1 b2
34. Bxb2 Qxb2 35. Rd7 Qc2 36. Rc7 Qe4+ 37. Kh3 g5 0-1

[Event "Ans - Eynatten2"]
[Site "?"]
[Date "2010.12.05"]
[Round "5.1"]
[White "Winants, Luc"]
[Black "Braun, Christian"]
[Result "1-0"]
[WhiteElo "2515"]
[BlackElo "2373"]
[PlyCount "131"]
[EventDate "2010.12.04"]
[SourceDate "2010.12.04"]

1. d4 Nf6 2. Nf3 g6 3. Bf4 Bg7 4. e3 O-O 5. Be2 d6 6. c4 b6 7. Nc3 Bb7 8. Qc2
Nbd7 9. O-O c5 10. d5 a6 11. e4 Ne8 12. Bd3 Qc7 13. Bg5 Bf6 14. Be3 Ne5 15.
Nxe5 dxe5 16. Na4 a5 17. a3 Bc8 18. b4 Bd7 19. bxc5 Bxa4 20. Qxa4 bxc5 21. Rab1
Nd6 22. Rb3 Ra6 23. Rfb1 Kg7 24. R3b2 h6 25. f3 Bg5 26. Bf2 h5 27. Qd1 a4 28.
Kh1 Rc8 29. Qe1 f6 30. h4 Bh6 31. g3 Kf7 32. Bf1 Qa5 33. Qxa5 Rxa5 34. Kg1 Ra7
35. Bd3 f5 36. Kf1 e6 37. Rb6 Bf8 38. dxe6+ Kxe6 39. Ke2 Be7 40. Be1 Kd7 41.
Bc3 Bd8 42. Rxd6+ Kxd6 43. exf5 gxf5 44. Bxf5 Rc6 45. Rb8 Bf6 46. Be4 Rca6 47.
Rb5 Bd8 48. Rb8 Bf6 49. Be1 Kc7 50. Rb5 Be7 51. Bc3 Bd6 52. g4 hxg4 53. fxg4
Be7 54. g5 Kd7 55. Kf3 Rd6 56. Bf5+ Kc6 57. Be4+ Kd7 58. Bd5 Raa6 59. Ke4 Rdb6
60. Bxe5 Rxb5 61. cxb5 Rb6 62. Bc4 Bd6 63. h5 Rb8 64. Bxd6 Kxd6 65. g6 Re8+ 66.
Kd3 1-0

[Event "Ans - Eynatten2"]
[Site "?"]
[Date "2010.12.05"]
[Round "5.3"]
[White "Fridman, Rafael"]
[Black "Zelbel, Patrick"]
[Result "1/2-1/2"]
[WhiteElo "2482"]
[BlackElo "2345"]
[PlyCount "29"]
[EventDate "2010.12.04"]
[SourceDate "2010.12.04"]

1. Nf3 Nf6 2. g3 g6 3. Bg2 Bg7 4. O-O O-O 5. d4 d6 6. Nc3 Nbd7 7. e4 e5 8. Re1
c6 9. a4 Qc7 10. h3 Re8 11. b3 Nf8 12. Ba3 Rd8 13. Qd2 Ne6 14. d5 Nf8 15. Rad1
1/2-1/2

[Event "Ans - Eynatten2"]
[Site "?"]
[Date "2010.12.05"]
[Round "5.5"]
[White "Hautot, Stephane"]
[Black "Litwak, Aleksej"]
[Result "1-0"]
[WhiteElo "2453"]
[BlackElo "2280"]
[PlyCount "79"]
[EventDate "2010.12.04"]
[SourceDate "2010.12.04"]

1. e4 c5 2. c4 Nc6 3. Nc3 g6 4. g3 Bg7 5. Bg2 d6 6. d3 e6 7. Nge2 Nge7 8. Be3
Nd4 9. O-O Nec6 10. f4 O-O 11. Rb1 a5 12. g4 f5 13. exf5 gxf5 14. g5 e5 15. Nd5
Be6 16. Ng3 Ne7 17. Nh5 Bxd5 18. Bxd5+ Nxd5 19. cxd5 b5 20. Bxd4 cxd4 21. Rc1
Rc8 22. Qf3 Qe7 23. Rxc8 Rxc8 24. Ng3 exf4 25. Qxf4 Qe3+ 26. Qxe3 dxe3 27. Nxf5
Rc2 28. Re1 Be5 29. Rxe3 Rxb2 30. h4 Rd2 31. Kf1 b4 32. d4 Bxd4 33. Re8+ Kf7
34. Re7+ Kg6 35. Nxd6 Rxa2 36. Nc4 b3 37. d6 b2 38. Nxb2 Rxb2 39. d7 Rb1+ 40.
Ke2 1-0

[Event "Eynatten2 - Ans"]
[Site "?"]
[Date "2010.12.05"]
[Round "5.6"]
[White "Philipowski, Robert"]
[Black "Gulbas, Cemil"]
[Result "0-1"]
[WhiteElo "2257"]
[BlackElo "2444"]
[PlyCount "66"]
[EventDate "2010.12.04"]
[SourceDate "2010.12.04"]

1. e4 d6 2. d4 Nf6 3. Nc3 g6 4. f4 Bg7 5. Nf3 O-O 6. e5 Nfd7 7. h4 c5 8. h5
cxd4 9. Qxd4 dxe5 10. Qf2 e4 11. Nxe4 Nf6 12. Nxf6+ exf6 13. Bd3 Re8+ 14. Kf1
b6 15. hxg6 hxg6 16. Be3 Qd5 17. Rd1 Ba6 18. b3 Qe4 19. Bc1 Bxd3+ 20. Rxd3 Na6
21. Rd4 Qe6 22. Ne1 f5 23. Nd3 Bxd4 24. Qxd4 f6 25. Bb2 Kg7 26. Rh3 Nc5 27. Re3
Ne4 28. Kg1 Rad8 29. Qa4 Qd7 30. Qb4 Qc6 31. c4 Nc5 32. Rxe8 Qxe8 33. Nf2 Qe3
0-1

[Event "Ans - Eynatten2"]
[Site "?"]
[Date "2010.12.05"]
[Round "5.7"]
[White "Goossens, Etienne"]
[Black "Maes, Valeer"]
[Result "1/2-1/2"]
[WhiteElo "2243"]
[BlackElo "2172"]
[PlyCount "61"]
[EventDate "2010.12.04"]
[SourceDate "2010.12.04"]

1. e4 e6 2. d4 d5 3. Nc3 Nc6 4. Nf3 Nf6 5. Bg5 Be7 6. Bxf6 Bxf6 7. Bb5 O-O 8.
Qd2 a6 9. Bxc6 bxc6 10. O-O-O Rb8 11. Qe3 Be7 12. Ne5 Qe8 13. g4 c5 14. dxc5
dxe4 15. g5 f6 16. gxf6 Bxf6 17. Qxe4 Bb7 18. c6 Bxe5 19. Qxe5 Qxc6 20. Rhg1
Rf7 21. Rd3 Re8 22. f4 Qb6 23. Rdg3 Ree7 24. Ne4 Bxe4 25. Qxe4 Qd6 26. Rg4 Qd5
27. Qa4 Rd7 28. a3 Qb5 29. Qe4 Qd5 30. Qa4 Qb5 31. Qe4 1/2-1/2

[Event "Eynatten2 - Ans"]
[Site "?"]
[Date "2010.12.05"]
[Round "5.8"]
[White "Van Streels, Luk"]
[Black "Blagodarov, Vladimir"]
[Result "1/2-1/2"]
[WhiteElo "2118"]
[BlackElo "2127"]
[PlyCount "43"]
[EventDate "2010.12.04"]
[SourceDate "2010.12.04"]

1. d4 Nf6 2. Bg5 b6 3. Bxf6 exf6 4. Nf3 Ba6 5. g3 g6 6. Bg2 Bb7 7. c4 Bg7 8.
Nc3 f5 9. O-O O-O 10. Rc1 d6 11. Re1 Nd7 12. e4 fxe4 13. Nxe4 Nf6 14. Nfg5 Nxe4
15. Nxe4 Rb8 16. Qd2 Bxe4 17. Rxe4 Re8 18. Rce1 Rxe4 19. Rxe4 Qd7 20. b3 Re8
21. Qe2 Kf8 22. d5 1/2-1/2

[Event "CRELEL - Borgerhout"]
[Site "?"]
[Date "2010.12.05"]
[Round "5.3"]
[White "Gillain, Christophe"]
[Black "Vedder, Henk"]
[Result "1/2-1/2"]
[WhiteElo "2092"]
[BlackElo "2372"]
[PlyCount "99"]
[EventDate "2010.??.??"]

1. d4 d5 2. c4 e6 3. Nc3 c5 4. cxd5 cxd4 5. Qa4+ Bd7 6. Qxd4 exd5 7. Qxd5 Nc6
8. Nf3 Nf6 9. Qb3 Bc5 10. e3 O-O 11. a3 a6 12. Be2 Qe7 13. O-O Rfe8 14. Bd2 Ne5
15. Nd5 Nxd5 16. Qxd5 Ng4 17. Qg5 f6 18. Bc4+ Kh8 19. Qh5 Nh6 20. h3 Red8 21.
Bc3 Be8 22. Qh4 Rac8 23. Bb3 Bb5 24. Rfd1 Rxd1+ 25. Rxd1 Be2 26. Rd5 Bxf3 27.
gxf3 Nf7 28. Bc2 h6 29. Qg4 Rc7 30. Qf5 Kg8 31. Bb3 Kh8 32. Qd3 b6 33. Bc2 Kg8
34. Qxa6 Nd6 35. Qd3 f5 36. b4 Bxe3 37. fxe3 Qg5+ 38. Kh2 Qh4 39. Qd2 f4 40.
exf4 Rxc3 41. Rxd6 Rxc2 42. Rd8+ Qxd8 43. Qxc2 Qd4 44. Kg3 Qg1+ 45. Kh4 Qe1+
46. Kg4 Qg1+ 47. Kf5 Qg3 48. Qc8+ Kh7 49. Ke4 Qe1+ 50. Kf5 1/2-1/2

[Event "Borgerhout - CRELEL"]
[Site "?"]
[Date "2010.12.05"]
[Round "5.4"]
[White "De Haan, Eric"]
[Black "Pirard, Grégory"]
[Result "1-0"]
[WhiteElo "2345"]
[BlackElo "2010"]
[PlyCount "54"]
[EventDate "2010.??.??"]

1. d4 d5 2. c4 c6 3. Nf3 Nf6 4. Nc3 e6 5. Bg5 Be7 6. e3 Nbd7 7. Qc2 O-O 8. Rd1
Re8 9. a3 a6 10. h3 b5 11. c5 a5 12. b4 Nh5 13. Bxe7 Qxe7 14. Ne5 Bb7 15. Bd3
Nhf6 16. O-O Nf8 17. f4 N6d7 18. e4 f6 19. Nf3 axb4 20. axb4 Ra3 21. Rde1 Qf7
22. f5 Rea8 23. fxe6 Nxe6 24. exd5 Nf4 25. Bxh7+ Kh8 26. Bf5 cxd5 27. Nh4 g5
1-0

[Event "CRELEL - Borgerhout"]
[Site "?"]
[Date "2010.12.05"]
[Round "5.5"]
[White "Timmermans, Daniel"]
[Black "Nieto, Emanuel"]
[Result "0-1"]
[WhiteElo "1965"]
[BlackElo "2332"]
[PlyCount "84"]
[EventDate "2010.??.??"]

1. d4 Nf6 2. c4 e6 3. Nc3 Bb4 4. e3 b6 5. Nge2 Ba6 6. Qa4 c5 7. a3 Bxc3+ 8.
Nxc3 O-O 9. Be2 cxd4 10. exd4 d5 11. c5 Bxe2 12. Nxe2 bxc5 13. dxc5 Ne4 14. Be3
e5 15. f3 d4 16. fxe4 dxe3 17. Rd1 Qh4+ 18. g3 Qh3 19. Qb3 Nc6 20. Qxe3 f5 21.
Kd2 f4 22. Qf3 Rab8 23. Kc1 Qe6 24. Qd3 f3 25. Nc3 Nd4 26. Nd5 Rfc8 27. b4 a5
28. Qc4 Kh8 29. Rxd4 exd4 30. Qxd4 axb4 31. axb4 Rf8 32. Rf1 Ra8 33. Rf2 Ra3
34. Kd2 Qh6+ 35. Nf4 Qa6 36. Kc2 Ra8 37. Kd2 Qb5 38. Nd3 Rxd3+ 39. Qxd3 Qxb4+
40. Ke3 Qxc5+ 41. Kf4 Qxf2 42. Qd5 Rf8+ 0-1

[Event "Borgerhout - CRELEL"]
[Site "?"]
[Date "2010.12.05"]
[Round "5.6"]
[White "Van der Burch, Arie"]
[Black "Valentiny, Benoit"]
[Result "1-0"]
[WhiteElo "2210"]
[BlackElo "1867"]
[PlyCount "83"]
[EventDate "2010.??.??"]

1. d4 d6 2. c4 Nf6 3. Nc3 Nbd7 4. e4 e5 5. d5 c6 6. Nf3 Be7 7. Be2 O-O 8. O-O
a6 9. Qc2 cxd5 10. cxd5 b5 11. a3 Bb7 12. Be3 Ng4 13. Bd2 Rc8 14. Rac1 Nc5 15.
b4 Na4 16. Qb3 Nb6 17. a4 bxa4 18. Nxa4 Rxc1 19. Bxc1 Qc7 20. Nxb6 Qxb6 21. h3
Nf6 22. Be3 Qd8 23. Nd2 Qa8 24. f3 Nd7 25. Ra1 Qc8 26. Nc4 f5 27. Na5 Nb8 28.
Nc6 Bxc6 29. dxc6+ Kh8 30. Rc1 Qc7 31. b5 axb5 32. Qxb5 Bd8 33. exf5 Rxf5 34.
Bd3 Rf7 35. Be4 Qc8 36. Bd5 Re7 37. Ra1 Bc7 38. Ra8 Re8 39. Bb6 h6 40. Qa5 Re7
41. Bxc7 Rxc7 42. Qb6 1-0

[Event "CRELEL - Borgerhout"]
[Site "?"]
[Date "2010.12.05"]
[Round "5.7"]
[White "Poljakovic, Sejfudin"]
[Black "Baert, Andy"]
[Result "0-1"]
[WhiteElo "1979"]
[BlackElo "2199"]
[PlyCount "56"]
[EventDate "2010.??.??"]

1. d4 d5 2. Nf3 Nf6 3. Bf4 c5 4. c3 Nc6 5. dxc5 a5 6. Nd4 a4 7. e3 Qa5 8. Bb5
Bd7 9. O-O e6 10. Nd2 Bxc5 11. Bxc6 bxc6 12. b4 axb3 13. axb3 Qd8 14. b4 Be7
15. Be5 O-O 16. Qf3 Qb6 17. N2b3 Ne4 18. Ne2 f6 19. Bg3 e5 20. h3 Qb5 21. Rfd1
Ng5 22. Qh5 g6 23. c4 Qxc4 24. Nd2 Rxa1 25. Rxa1 Qxb4 26. Qh6 Qxd2 27. Ra7 Rd8
28. f4 Nf7 0-1

[Event "Borgerhout - CRELEL"]
[Site "?"]
[Date "2010.12.05"]
[Round "5.8"]
[White "Veltkamp, Gerben"]
[Black "Shama, Jalil"]
[Result "1-0"]
[WhiteElo "2191"]
[BlackElo "1499"]
[PlyCount "63"]
[EventDate "2010.??.??"]

1. d4 e6 2. c4 b6 3. e4 Bb7 4. Qc2 Nf6 5. Nc3 Bb4 6. Bd3 Nc6 7. Nf3 Be7 8. a3
d6 9. O-O e5 10. d5 Nb8 11. b4 Nbd7 12. Bb2 c6 13. dxc6 Bxc6 14. Rac1 Nh5 15.
Rfd1 Nf4 16. Bf1 Nf6 17. Nxe5 Bb7 18. c5 O-O 19. c6 Bc8 20. Nb5 a6 21. c7 Qe8
22. Nxd6 Bxd6 23. Rxd6 Bb7 24. Rxf6 gxf6 25. Ng4 Nh5 26. Bxf6 Nxf6 27. Nxf6+
Kg7 28. Nxe8+ Raxe8 29. f3 Rg8 30. Rd1 Re7 31. Qc3+ f6 32. Rd8 1-0

[Event "Namur - KGSRL"]
[Site "?"]
[Date "2010.12.05"]
[Round "5.1"]
[White "Hetey, Lazlo"]
[Black "Rozentalis, Eduardas"]
[Result "0-1"]
[WhiteElo "2354"]
[BlackElo "2631"]
[PlyCount "103"]
[EventDate "2010.12.09"]
[SourceDate "2010.12.09"]

1. d4 Nf6 2. c4 e6 3. Nf3 Nc6 4. Nc3 Bb4 5. Bd2 O-O 6. a3 Bxc3 7. Bxc3 Ne4 8.
Qc2 Nxc3 9. Qxc3 d6 10. e3 Qe7 11. d5 Nd8 12. Be2 e5 13. b4 f5 14. Nd2 f4 15.
Bf3 Nf7 16. Rc1 Ng5 17. e4 Qf6 18. h3 Nxf3+ 19. Qxf3 Qh4 20. Qd3 Bd7 21. c5 a6
22. Qb3 Kh8 23. Rc3 Rf6 24. cxd6 cxd6 25. Rc7 Rd8 26. O-O f3 27. Nxf3 Qxe4 28.
Ng5 Qf5 29. Qc2 Qxg5 30. Rxd7 Rdf8 31. Qc1 Qf5 32. Rxb7 Qe4 33. Qd2 h6 34. f3
Qg6 35. Re7 Rxf3 36. Rxf3 Rxf3 37. Re6 Qg3 38. Re8+ Kh7 39. Qc2+ Rd3 40. Rf8 e4
41. a4 Qe5 42. Rf1 Qxd5 43. Qc8 e3 44. Qc2 Qb3 45. Qc8 Qd5 46. Qc2 Qd4 47. Kh1
Qc3 48. Qe2 Rd2 49. Qf3 Qe5 50. Re1 Rf2 51. Qd1 e2 52. Qc2+ 0-1

[Event "KGSRL - Namur"]
[Site "?"]
[Date "2010.12.05"]
[Round "5.2"]
[White "Michiels, Bart"]
[Black "Geenen, Marc"]
[Result "1-0"]
[WhiteElo "2489"]
[BlackElo "2300"]
[PlyCount "81"]
[EventDate "2011.??.??"]

1. e4 c6 2. d4 d5 3. Nc3 dxe4 4. Nxe4 Bf5 5. Ng3 Bg6 6. Nh3 e6 7. Nf4 Qc7 8. h4
Bd6 9. Nxg6 hxg6 10. Ne4 Bf4 11. Bxf4 Qxf4 12. Ng5 Nd7 13. g3 Qd6 14. Qd2 Ngf6
15. Be2 e5 16. O-O-O Qxd4 17. Qxd4 exd4 18. Rxd4 O-O 19. Rhd1 Nb6 20. Bf3 Rfe8
21. b4 Re7 22. Rd8+ Rxd8 23. Rxd8+ Re8 24. Rxe8+ Nxe8 25. b5 cxb5 26. Bxb7 Nd6
27. Bc6 Nbc4 28. Ne4 Nxe4 29. Bxe4 Kf8 30. Bc6 b4 31. Bb5 Nd6 32. Bd3 Nb7 33.
Kd2 Ke7 34. Ke3 Kd6 35. Kd4 Nc5 36. Kc4 a5 37. Kb5 Nd7 38. Kxa5 Kc5 39. Ka4 Ne5
40. Kb3 Nc6 41. c3 1-0

[Event "KGSRL - Namur "]
[Site "?"]
[Date "2010.12.05"]
[Round "5.6"]
[White "Vandenbussche, Thibaut"]
[Black "Lanneau, Bertrand"]
[Result "1-0"]
[WhiteElo "2374"]
[BlackElo "2190"]
[PlyCount "55"]
[EventDate "2010.??.??"]
[SourceDate "2010.12.09"]

1. e4 d6 2. d4 Nf6 3. Nc3 g6 4. Nge2 Bg7 5. g3 O-O 6. Bg2 e5 7. O-O Nc6 8. dxe5
dxe5 9. Qxd8 Rxd8 10. Bg5 Bg4 11. h3 Bxe2 12. Nxe2 h6 13. Be3 Rd7 14. c3 a5 15.
a4 Rad8 16. Nc1 Ne8 17. Nb3 b6 18. Rfe1 Ne7 19. Bf1 Nd6 20. Nd2 f5 21. f3 Kh7
22. Rab1 h5 23. b4 Ra8 24. b5 Bh6 25. Bxh6 Kxh6 26. Nb3 fxe4 27. fxe4 Nxe4 28.
Bg2 1-0

[Event "Namur - KGSRL"]
[Site "?"]
[Date "2010.12.05"]
[Round "5.7"]
[White "Werner, Ivan"]
[Black "Deleyn, Gunter"]
[Result "1/2-1/2"]
[WhiteElo "2098"]
[BlackElo "2291"]
[PlyCount "84"]
[EventDate "2010.??.??"]
[SourceDate "2010.12.09"]

1. e4 g6 2. d4 Bg7 3. Be3 d6 4. f4 c5 5. c3 cxd4 6. cxd4 Nf6 7. Nc3 O-O 8. Be2
Qa5 9. Bf3 e5 10. Nge2 Ng4 11. Bg1 Nc6 12. d5 Ne7 13. h3 Nf6 14. fxe5 dxe5 15.
Be3 Bd7 16. O-O Nc8 17. Nc1 Nd6 18. Nb3 Qd8 19. Nd2 Nfe8 20. g4 $6 f5 21. gxf5
gxf5 22. Kh2 Nf6 23. Bg5 h6 24. Bh4 Ng4+ 25. Bxg4 Qxh4 26. exf5 Bxf5 27. Qe1
Qxe1 28. Raxe1 Bd3 29. Rxf8+ Rxf8 30. Nde4 Nxe4 31. Nxe4 Bxe4 32. Be6+ Kh7 33.
Rxe4 Rf2+ 34. Kg1 Rxb2 35. d6 Rd2 36. d7 Bf6 37. Rg4 Bd8 38. Bf5+ Kh8 39. Rg6
h5 40. Kf1 b5 41. Be6 Bb6 42. Rg5 Rd6 1/2-1/2

[Event "KGSRL - Namur"]
[Site "?"]
[Date "2010.12.05"]
[Round "5.8"]
[White "Vanheirzeele, Daniel"]
[Black "Fontaine, Quentin"]
[Result "1-0"]
[WhiteElo "2207"]
[BlackElo "1558"]
[PlyCount "43"]
[EventDate "2010.??.??"]
[SourceDate "2010.12.09"]

1. d4 Nf6 2. c4 e5 3. dxe5 Ng4 4. Nf3 Bc5 5. e3 Nc6 6. Nc3 Ngxe5 7. Nxe5 Nxe5
8. f4 Nc6 9. Bd3 d6 10. O-O O-O 11. Kh1 Qh4 12. f5 Ne5 13. Rf4 Nxd3 14. Qxd3
Qd8 15. f6 g6 16. b4 Bb6 17. Nd5 Re8 18. Ne7+ Rxe7 19. fxe7 Qxe7 20. Bb2 Bf5
21. e4 Bd7 22. c5 1-0

[Event "Rochade - CRELEL"]
[Site "Eupen"]
[Date "2011.01.09"]
[Round "6.1"]
[White "Feygin, Michael"]
[Black "Vandevoort, Pascal"]
[Result "0-1"]
[WhiteElo "2526"]
[BlackElo "2353"]
[PlyCount "84"]
[EventDate "2011.??.??"]

1. e4 c5 2. Nf3 d6 3. d4 cxd4 4. Nxd4 Nf6 5. Nc3 g6 6. f4 Nc6 7. Nf3 Bg7 8. Bd3
O-O 9. O-O b5 10. Qe1 b4 11. Ne2 e5 12. fxe5 dxe5 13. Qh4 Ba6 14. Bxa6 Qb6+ 15.
Rf2 Qxa6 16. Ng3 Qb6 17. Bg5 Ne8 18. Bh6 f6 19. Raf1 Rd8 20. h3 Qc5 21. Nh2
Bxh6 22. Qxh6 Nd4 23. Ng4 Ne6 24. Kh2 Nf4 25. Ne2 Nxe2 26. Rxe2 Rd4 27. Qh4 Qc6
28. Kh1 a5 29. b3 h5 30. Nf2 Nd6 31. Rfe1 Kg7 32. Nd3 g5 33. Nxe5 Qe8 34. Nf3
gxh4 35. Nxd4 Qe5 36. Nf3 Qg3 37. Rd1 Nf7 38. Nd4 Kg6 39. Nf5 Qg5 40. Rd5 Ne5
41. Red2 Qf4 42. R2d4 Kh7 0-1

[Event "CRELEL - Rochade"]
[Site "Eupen"]
[Date "2011.01.09"]
[Round "6.2"]
[White "De Gueldre, Philippe"]
[Black "Fiebig, Thomas"]
[Result "0-1"]
[WhiteElo "2135"]
[BlackElo "2453"]
[PlyCount "72"]
[EventDate "2011.??.??"]

1. e4 e6 2. d4 d5 3. Nc3 Nf6 4. Bg5 Bb4 5. e5 h6 6. Bd2 Bxc3 7. bxc3 Ne4 8. Qg4
Kf8 9. Bd3 Nxd2 10. Kxd2 c5 11. h4 Nc6 12. Rh3 c4 13. Bf1 b5 14. Rg3 Rg8 15.
Rf3 Bd7 16. g3 a5 17. Bh3 Ke8 18. Qf4 Qe7 19. Bg4 Rf8 20. Qe3 Kd8 21. Ne2 Kc7
22. Ke1 b4 23. Kf1 Rab8 24. Rb1 bxc3 25. Rxb8 Rxb8 26. Qxc3 Rb1+ 27. Kg2 Be8
28. a3 Kb6 29. Qd2 Na7 30. Re3 Ra1 31. Qc3 Ra2 32. Nc1 Nb5 33. Nxa2 Nxc3 34.
Nxc3 Ka6 35. Nd1 Qa7 36. c3 Qe7 0-1

[Event "Rochade - CRELEL"]
[Site "Eupen"]
[Date "2011.01.09"]
[Round "6.3"]
[White "Schneider, Bernd"]
[Black "Marville, Grégoire"]
[Result "1-0"]
[WhiteElo "2410"]
[BlackElo "2099"]
[PlyCount "73"]
[EventDate "2011.??.??"]

1. c4 e6 2. Nc3 Nf6 3. e4 d5 4. e5 Nfd7 5. cxd5 exd5 6. d4 Nb6 7. Nf3 Bf5 8.
Bd3 Qd7 9. O-O Be7 10. Bxf5 Qxf5 11. Qb3 c6 12. a4 Qd7 13. a5 Nc8 14. Bf4 b6
15. axb6 Qb7 16. Rfc1 O-O 17. Qa2 Nxb6 18. Rc2 a5 19. Na4 Na6 20. Qb3 Nb4 21.
Rc3 Nxa4 22. Qxa4 Ra6 23. h4 h6 24. Re1 Rb6 25. Bc1 Rc8 26. e6 fxe6 27. Rxe6
Rb5 28. Ne5 Bxh4 29. Rf3 Bf6 30. Rfxf6 gxf6 31. Rxf6 Rc7 32. Qd1 Qc8 33. Qh5
Rbb7 34. Bxh6 Rh7 35. Qf3 Rxh6 36. Rxh6 Rg7 37. Qh5 1-0

[Event "CRELEL - Rochade"]
[Site "Eupen"]
[Date "2011.01.09"]
[Round "6.4"]
[White "Gillain, Christophe"]
[Black "Meessen, Rudolf"]
[Result "1-0"]
[WhiteElo "2092"]
[BlackElo "2360"]
[PlyCount "41"]
[EventDate "2011.??.??"]

1. d4 e6 2. c4 f5 3. Nc3 Nf6 4. Nf3 Be7 5. e3 O-O 6. Bd3 d6 7. O-O Qe8 8. Re1
Qh5 9. e4 fxe4 10. Nxe4 Nxe4 11. Bxe4 Bf6 12. Bd2 d5 13. cxd5 exd5 14. Ne5 g6
15. Bxd5+ Kg7 16. Bf3 Qh4 17. Re4 Qxe4 18. Bxe4 Rd8 19. Qc1 Rxd4 20. Bh6+ Kg8
21. Qc5 1-0

[Event "CRELEL - Rochade"]
[Site "Eupen"]
[Date "2011.01.09"]
[Round "6.6"]
[White "Valentiny, Benoit"]
[Black "Buhr, Carl-Christian"]
[Result "0-1"]
[WhiteElo "2007"]
[BlackElo "2320"]
[PlyCount "142"]
[EventDate "2011.??.??"]

1. Nf3 Nf6 2. d3 d5 3. Nbd2 Nc6 4. e4 e5 5. c3 Be7 6. Be2 O-O 7. O-O a5 8. b3
Re8 9. Bb2 Bf8 10. a3 Bg4 11. b4 axb4 12. axb4 Rxa1 13. Bxa1 Qd6 14. Re1 dxe4
15. dxe4 Bxf3 16. Bxf3 Rd8 17. Nc4 Qe6 18. Qe2 Na7 19. Ne3 c6 20. Qc4 Qe8 21.
Bb2 Nb5 22. Qe2 Qe6 23. Qc4 Qe8 24. Qe2 Ra8 25. Rd1 Ra2 26. Rd2 g6 27. Qc4 Ra8
28. Qd3 Nc7 29. Ng4 Nxg4 30. Bxg4 Bh6 31. Rd1 Ra2 32. Qb1 Qa8 33. Rd7 Ne8 34.
Bd1 Nf6 35. Rd3 Nxe4 36. Bb3 Ra7 37. Qd1 Bg5 38. Rd7 Ra2 39. Bxf7+ Kh8 40. Bxa2
Qxa2 41. Rd8+ Bxd8 42. Qxd8+ Kg7 43. Qe7+ Kg8 44. Qe8+ Kg7 45. Qxe5+ Nf6 46.
Qe7+ Kg8 47. Bc1 Qc2 48. Qd8+ Kf7 49. Qd2 Qxd2 50. Bxd2 Ne4 51. Be1 Ke6 52. f3
Nd6 53. Kf2 Kd5 54. Ke2 Kc4 55. Kd2 Nb5 56. Kc2 Na3+ 57. Kb2 Nb5 58. f4 h5 59.
h3 Kd3 60. g4 hxg4 61. hxg4 Nd6 62. Bh4 Nc4+ 63. Kb3 Ne3 64. c4 Nxg4 65. b5 c5
66. Be7 Kd4 67. Bd6 Ne3 68. Be5+ Kd3 69. Bd6 b6 70. Bxc5 bxc5 71. b6 Nxc4 0-1